The Politics of language (Record no. 2388)

MARC details
000 -LEADER
fixed length control field 005470000a22001570004500
003 - CONTROL NUMBER IDENTIFIER
control field LK-CoMWRAF
008 - FIXED-LENGTH DATA ELEMENTS--GENERAL INFORMATION
fixed length control field 230817t ||||| |||| 00| 0 eng d
040 ## - CATALOGING SOURCE
Original cataloging agency LK-CoMWRAF
Modifying agency LK-CoMWRAF
Description conventions LK-CoMWRAF
041 ## - LANGUAGE CODE
Language code of text/sound track or separate title English
942 ## - ADDED ENTRY ELEMENTS (KOHA)
Koha item type Books
700 ## - ADDED ENTRY--PERSONAL NAME
Personal name Pieris,, Aloysius
Relator Term editor
245 ## - TITLE STATEMENT
Title The Politics of language
Remainder of title A Spectrum of perspectives on fifty years of Sinhala only in Sri Lanka 1956-2006
260 ## - PUBLICATION, DISTRIBUTION, ETC. (IMPRINT)
Name of publisher, distributor, etc. The Ecumenical Institute for study and dialogue
Place of publication, distribution, etc. Sri Lanka (Colombo 06)
Date of publication, distribution, etc. 2007
300 ## - PHYSICAL DESCRIPTION
Extent p.190
490 ## - SERIES STATEMENT
Series statement Dialogue - New Series Vol. XXXIV
Holdings
Withdrawn status Lost status Damaged status Not for loan Permanent Location Current Location Date acquired Barcode Koha item type
        Resource center, Muslim Women's Research And Action Forum Resource center, Muslim Women's Research And Action Forum 2023-08-17 RAF4503 Books

Copyright © 2023 Muslim Women's Research and Action Forum (MWRAF), No 27/3, Anderson Road, Kalubowila, Dehiwela. Funded by The Asia Fundation